| 000 | 00355nam a22001577a 4500 | ||
|---|---|---|---|
| 003 | OSt | ||
| 008 | 250924b |||||||| |||| 00| 0 eng d | ||
| 020 | _a9789355428592 | ||
| 082 | _a005.133 GOG | ||
| 100 | _aGOLLNICK,Bert | ||
| 245 | _aGenerative AI With Python | ||
| 250 | _a1st Ed | ||
| 260 |
_aMumbai _bSPD _c2025 |
||
| 300 | _a392 | ||
| 942 |
_2ddc _cBK |
||
| 999 |
_c13737 _d13737 |
||